天天有智慧

資料類型: Book 圖書   書目號:35507

Leader xxxxxxxxxx
001 __ PCLIS00035507
005 __ 20220222161229.0
010 0_ |a986-133-085-2|b精裝|dNT$299
100 __ |a20051007d2005    m  y0chiy09      e
101 0_ |achi
102 __ |atw
105 __ |aag  z   000cy
200 1_ |a天天有智慧|dWisdom at All Times|f光禹作
205 __ |a典藏版
210 __ |a臺北市|c圓神出版|c叩應總經銷|d2005[民94]
215 0_ |a[8],251,[6]面|c圖,摺頁樂譜|d22公分|e1 CD
225 1_ |a光禹系列精裝典藏版|v003
225 1_ |a光禹系列|v3
300 __ |a本館館藏典藏版序號為第09741號
510 1_ |aWisdom at All Times|zeng
681 __ |a855|b865
681 __ |a855|b9020 88
700 _0 |a光禹|4801 _0 |atw|b內湖高中|c20051007|gCCR
  
詳細館藏(共 1 筆)
索 書 號登 錄 號冊次號館別 / 館藏地流通類型狀態加入預約清單電子資源
855 / 865 1015056  圖書館 / 一樓普通區 可外借30天 在館   

| 條列資料




目錄查詢 分類查詢 個人資料 圖書薦購 新書查詢 閉館日 排行榜 更多電子資源 Hami書城 線上資料庫 登出

From : 216.73.216.116

  本日流通累計至 18:30:09 借閱 : 9 次 續借 : 0 次 歸還 : 10 次 預約 : 0 次 電子資源 : 0 次


內湖高中圖書館  PCLIS 版本  25.5.0.2